Festival di Sanremo 2025 - Canzoni - Statistics

Statistiche generali
  • Questo quiz è stato fatto 346 volte
  • Il punteggio medio è 20 su 30
Statistiche sulle risposte
Artista Canzone % Corretto
Coma_Cose Cuoricini
90%
Lucio Corsi Volevo essere un duro
88%
Olly Balorda nostalgia
86%
Fedez Battito
86%
Achille Lauro Incoscienti giovani
84%
Brunori Sas L'albero delle noci
84%
Bresh La tana del granchio
84%
Gaia Chiamo io chiami tu
81%
Clara Febbre
76%
Giorgia La cura per me
75%
Tony Effe Damme 'na mano
73%
Elodie Dimenticarsi alle 7
73%
Rose Villain Fuorilegge
72%
Sarah Toscano Amarcord
71%
Serena Brancale Anema e core
68%
Marcella Bella Pelle diamante
65%
Francesco Gabbani Viva la vita
65%
Willie Peyote Grazie ma no grazie
64%
Rkomi Il ritmo delle cose
62%
The Kolors Tu con chi fai l'amore
57%
Irama Lentamente
56%
Francesca Michielin Fango in paradiso
54%
Joan Thiele Eco
51%
Simone Cristicchi Quando sarai piccola
49%
Shablo con Guè, Joshua e Tormento La mia parola
48%
Noemi Se t'innamori muori
47%
Emis Killa Demoni
44%
Modà Non ti dimentico
38%
Rocco Hunt Mille vote ancora
34%
Massimo Ranieri Tra le mani un cuore
34%
Nessun quiz corrispondente trovato
Distribuzione punteggi
Percentuale di utenti per punteggio
Percentile per numero di risposta
I tuoi punteggi nel tempo
Non hai fatto questo quiz